| 000 | 00910nam a2200217 a 4500 | ||
|---|---|---|---|
| 003 | AM-YEHGA | ||
| 001 | 1583269 | ||
| 005 | 20250617164511.0 | ||
| 008 | 190419s1962 ru a||||r|||| 00| 0|rus|| | ||
| 040 | _aAM-YeHGA | ||
| 041 | 0 | _arus | |
| 100 | 1 | _aСвечарник, Давид Вениаминович | |
| 245 | 1 | 0 |
_aСельсины и их применение в системах автоматизации производственных процессов / _cД.В. Свечарник. |
| 260 |
_aМосква ; _aЛенинград : _bГосэнергоиздат, _c1962. |
||
| 300 |
_a112 с. : _bил. ; _c21 см. |
||
| 490 | 0 |
_aБиблиотека по автоматике ; _vВып. 68 |
|
| 504 | _aБиблиогр.: с. 110-111 (52 назв.) | ||
| 650 | 1 | 4 |
_aСельсины _xПрименение в схемах автоматики |
| 942 |
_2udc _cBK |
||
| 090 | _c532531 | ||
| 999 |
_c525325 _d525325 |
||